Tilastot visalle Maailman suurimmat saaret kartalla

Klikkaa tästä pelataksesi tätä visaa!

Yleistilastot

  • Tätä visaa on pelattu 357 kertaa
  • Keskiarvotulos 15 / 26

Vastaukset kartalla

Vastauksille on annettu kartalla punavihreä väri sen mukaan, kuinka moni on saanut sen oikein.
 

Vastaustilastot

#Saari% Oikein
4Madagaskar
97%
1Grönlanti
94%
20Irlanti
92%
18Islanti
92%
9Iso-Britannia
92%
17Kuuba
86%
25Sri Lanka
80%
21Hokkaido
65%
26Tasmania
65%
3Borneo
59%
12Eteläsaari
57%
14Pohjoissaari
57%
13Jaava
56%
7Honshu
55%
16Newfoundland
52%
2Uusi-Guinea
52%
6Sumatra
50%
22Hispaniola
46%
11Sulawesi
44%
5Baffininsaari
40%
15Luzon
37%
23Sahalin
33%
19Mindanao
30%
10Ellesmerensaari
29%
8Victoriansaari
25%
24Banksinsaari
20%

Tulosjakauma

Persentiili vastausten määrän mukaan

Jokaisen tuloksen saaneiden osuus

Tuloshistoriasi

Et ole pelannut tätä visaa